[Event "17. Europa ch Juvenil - Masculino s18"]
[Site "Sibenik CRO"]
[Date "2007.09.15"]
[Round "2.6"]
[White "Hayrapetian, Ovik"]
[Black "Saric, Ivan"]
[Result "0-1"]
[WhiteElo "2336"]
[BlackElo "2442"]
[PlyCount "102"]
[EventDate "2007.09.14"]
[EventType "swiss"]
[EventRounds "9"]
[EventCountry "CRO"]
[Source "lmi"]
[SourceDate "2007.09.14"]

1. d4 Nf6 2. Nf3 g6 3. c4 Bg7 4. Nc3 O-O 5. Bg5 d6 6. e3 c5 7. Be2 Bf5 8. O-O
Ne4 9. Nxe4 Bxe4 10. Nd2 Bf5 11. Nb3 h6 12. Bh4 Nc6 13. d5 Nb4 14. a3 Na6 15.
g4 Bd7 16. Rb1 f5 17. gxf5 Bxf5 18. Bd3 Qd7 19. Bxf5 Rxf5 20. Bg3 Raf8 21. Nd2
Rh5 22. Ne4 Nc7 23. Qd3 b5 24. b3 a6 25. f3 Rhf5 26. Kg2 Ne8 27. b4 cxb4 28.
Rxb4 Nc7 29. Rb3 Kh7 30. a4 bxc4 31. Qxc4 Nxd5 32. Qxa6 Rc8 33. Rf2 Rc1 34. Qe2
Nb4 35. Ra3 Nc2 36. Qxc2 Rxc2 37. Rxc2 Ra5 38. Rca2 d5 39. Nd2 e5 40. Nb3 Ra7
41. Nc5 Qc8 42. Nd3 e4 43. fxe4 dxe4 44. Nf2 Qf8 45. a5 Qf3+ 46. Kf1 Rb7 47.
Re2 Rb1+ 48. Re1 Rb2 49. Rc1 Be5 50. Rb3 Qe2+ 51. Kg2 Bxg3 0-1

[Event "17. Europa ch Juvenil - Masculino s18"]
[Site "Sibenik CRO"]
[Date "2007.09.15"]
[Round "2.7"]
[White "Vila Gazquez, Xavier"]
[Black "Delorme, Axel"]
[Result "1/2-1/2"]
[WhiteElo "2429"]
[BlackElo "2317"]
[PlyCount "81"]
[EventDate "2007.09.14"]
[EventType "swiss"]
[EventRounds "9"]
[EventCountry "CRO"]
[Source "lmi"]
[SourceDate "2007.09.14"]

1. e4 e5 2. Nf3 Nc6 3. Bc4 Nf6 4. d3 Be7 5. O-O O-O 6. Re1 d6 7. Bb3 h6 8. c3
Nh7 9. h3 Kh8 10. d4 Ng5 11. Nbd2 f5 12. dxe5 Nxe5 13. Nxe5 dxe5 14. exf5 Bxf5
15. Nc4 e4 16. Qxd8 Bxd8 17. Bc2 b5 18. Na3 c6 19. Be3 Be7 20. Rad1 Ne6 21. Rd7
Bxa3 22. bxa3 Nf4 23. Rc7 Nd3 24. Rd1 Rfc8 25. Rxc8+ Rxc8 26. f3 Nb2 27. Rf1
Nc4 28. Bc5 Rd8 29. fxe4 Be6 30. Rf2 a6 31. Kh2 Rd2 32. Rxd2 Nxd2 33. Kg3 Bxa2
34. Kf4 Kg8 35. Ke5 Nc4+ 36. Kf5 Kf7 37. h4 Nd2 38. Ke5 Nb1 39. Kd4 a5 40. a4
Nd2 41. Kd3 1/2-1/2

[Event "17. Europa ch Juvenil - Masculino s18"]
[Site "Sibenik CRO"]
[Date "2007.09.15"]
[Round "2.8"]
[White "Dinger, Florian"]
[Black "Mozharov, Mikhail"]
[Result "0-1"]
[WhiteElo "2332"]
[BlackElo "2424"]
[PlyCount "78"]
[EventDate "2007.09.14"]
[EventType "swiss"]
[EventRounds "9"]
[EventCountry "CRO"]
[Source "lmi"]
[SourceDate "2007.09.14"]

1. e4 c5 2. Nf3 Nc6 3. Bb5 g6 4. Bxc6 bxc6 5. O-O Bg7 6. Re1 f6 7. c3 Nh6 8. d4
cxd4 9. cxd4 O-O 10. Nc3 d6 11. h3 Nf7 12. b3 e5 13. Bb2 Bb7 14. Na4 Re8 15.
Qd3 Rc8 16. Rad1 exd4 17. Qxd4 Rc7 18. Nd2 c5 19. Qd3 Rce7 20. f3 Bc6 21. Qa6
Qa8 22. Kf2 Rb8 23. Nc3 f5 24. exf5 Bd4+ 25. Kg3 Rxe1 26. Rxe1 Re8 27. Qf1 gxf5
28. Nd1 Qd8 29. Rxe8+ Bxe8 30. f4 Bxb2 31. Nxb2 Qf6 32. Qc1 Qg7+ 33. Kh2 Bc6
34. g3 Qd4 35. Nd1 Qd3 36. g4 Qe2+ 37. Kg3 Qe1+ 38. Kh2 fxg4 39. Qc3 Qxd1 0-1

[Event "17. Europa ch Juvenil - Masculino s18"]
[Site "Sibenik CRO"]
[Date "2007.09.15"]
[Round "2.9"]
[White "Nestorovic, Nikola"]
[Black "Genzling, Alain"]
[Result "1/2-1/2"]
[WhiteElo "2424"]
[BlackElo "2255"]
[PlyCount "82"]
[EventDate "2007.09.14"]
[EventType "swiss"]
[EventRounds "9"]
[EventCountry "CRO"]
[Source "lmi"]
[SourceDate "2007.09.14"]

1. e4 c5 2. Nf3 Nc6 3. d4 cxd4 4. Nxd4 e5 5. Nb5 d6 6. c4 Be7 7. Bd3 a6 8. N5c3
Bg5 9. Nd2 Nf6 10. O-O Nd7 11. Nb3 Bxc1 12. Rxc1 Nc5 13. Bb1 Nxb3 14. Qxb3 Nd4
15. Qd1 O-O 16. Ne2 Nc6 17. Qd2 Bg4 18. f3 Be6 19. Qe3 Qa5 20. a3 Qc5 21. Kf2
Na5 22. Ba2 Qxe3+ 23. Kxe3 b5 24. b3 bxc4 25. bxc4 Rfc8 26. Kd3 Rab8 27. Rc2
Rc5 28. Rfc1 Rbc8 29. Ng3 R5c6 30. Nf1 Rb8 31. Ne3 Nb7 32. Ke2 Nc5 33. Rc3 Rb2+
34. R3c2 Rcb6 35. Rxb2 Rxb2+ 36. Rc2 Rb6 37. Nd5 Bxd5 38. cxd5 Kf8 39. Bc4 Ke7
40. Ke3 Rb1 41. Ba2 Rb6 1/2-1/2

[Event "17. Europa ch Juvenil - Masculino s18"]
[Site "Sibenik CRO"]
[Date "2007.09.15"]
[Round "2.10"]
[White "Caspi, Israel"]
[Black "Llorente Zaro, Alfonso"]
[Result "0-1"]
[WhiteElo "2318"]
[BlackElo "2422"]
[PlyCount "98"]
[EventDate "2007.09.14"]
[EventType "swiss"]
[EventRounds "9"]
[EventCountry "CRO"]
[Source "lmi"]
[SourceDate "2007.09.14"]

1. d4 Nf6 2. c4 d6 3. Nc3 e5 4. Nf3 e4 5. Nd2 Qe7 6. g3 c6 7. Qc2 Bf5 8. f3 d5
9. fxe4 Nxe4 10. Ndxe4 Bxe4 11. Nxe4 Qxe4 12. Qxe4+ dxe4 13. Bg2 f5 14. g4 fxg4
15. Bxe4 Bb4+ 16. Bd2 Bxd2+ 17. Kxd2 Nd7 18. Rhf1 Rd8 19. Kc3 Nf6 20. Bf5 O-O
21. e4 g6 22. Be6+ Kg7 23. Rfe1 h5 24. Re3 Nh7 25. c5 Ng5 26. Bc4 Rfe8 27. e5
Nf3 28. Re4 Nxh2 29. e6 Re7 30. Rd1 Nf3 31. b4 g5 32. b5 g3 33. Be2 g4 34. bxc6
bxc6 35. Bxf3 gxf3 36. Rg1 g2 37. Kd3 Kh6 38. Ke3 Rf8 39. Kf2 Kg5 40. Rd1 Rf5
41. Re3 Kg4 42. Re4+ Rf4 43. Re5 h4 44. d5 cxd5 45. Rdxd5 Kh3 46. c6 Kh2 47.
Rd1 Rc4 48. Kxf3 Rc3+ 49. Kf2 Rc2+ 0-1

[Event "17. Europa ch Juvenil - Masculino s18"]
[Site "Sibenik CRO"]
[Date "2007.09.15"]
[Round "2.11"]
[White "Levin, Evgeny"]
[Black "Mitrovic, Boris"]
[Result "1-0"]
[WhiteElo "2421"]
[BlackElo "2127"]
[PlyCount "149"]
[EventDate "2007.09.14"]
[EventType "swiss"]
[EventRounds "9"]
[EventCountry "CRO"]
[Source "lmi"]
[SourceDate "2007.09.14"]

1. d4 f5 2. c4 Nf6 3. Nc3 d6 4. Nf3 g6 5. g3 Bg7 6. Bg2 O-O 7. O-O Qe8 8. d5 a5
9. Be3 Na6 10. Rc1 Bd7 11. Ne1 c5 12. Nd3 b5 13. cxb5 Bxb5 14. Nxb5 Qxb5 15.
Bd2 Ne4 16. a4 Qb7 17. Bxa5 Qxd5 18. Qc2 Rab8 19. Nf4 Qf7 20. Bxe4 fxe4 21.
Qxe4 Bxb2 22. Rb1 Be5 23. Nd3 Bg7 24. Nf4 Be5 25. Nd3 Bg7 26. Rxb8 Nxb8 27. Qb7
c4 28. Nf4 Be5 29. Nd5 e6 30. Nc7 d5 31. e3 c3 32. f4 d4 33. exd4 Bxd4+ 34. Kg2
Qf5 35. Nb5 Qc2+ 36. Kh1 Qd3 37. Qg2 Nc6 38. Bxc3 Bxc3 39. Rf3 Qd1+ 40. Rf1
Qxa4 41. Qxc6 Bg7 42. Qxe6+ Kh8 43. Nc7 Qc2 44. Nd5 Qd3 45. Ne3 Bd4 46. Qd6
Qe4+ 47. Ng2 Bg7 48. Qd1 Ra8 49. Re1 Qc6 50. Qd3 Bf6 51. Qe4 Qxe4 52. Rxe4 Ra1+
53. Re1 Kg7 54. Rxa1 Bxa1 55. Ne1 Kf6 56. Kg2 g5 57. Nc2 Bb2 58. Kf3 Bc1 59.
Ke4 gxf4 60. gxf4 Bb2 61. Kf3 Bc1 62. Ne3 Bxe3 63. Kxe3 Kf5 64. Kf3 Kf6 65. Kg4
Kg6 66. f5+ Kf6 67. Kf4 Kf7 68. Ke5 Ke7 69. f6+ Kf7 70. Kf5 Kf8 71. Ke6 Ke8 72.
f7+ Kf8 73. Kf6 h5 74. Kg6 h4 75. h3 1-0

[Event "17. Europa ch Juvenil - Masculino s18"]
[Site "Sibenik CRO"]
[Date "2007.09.15"]
[Round "2.12"]
[White "Can, Emre"]
[Black "Valner, Uku"]
[Result "1-0"]
[WhiteElo "2411"]
[BlackElo "2102"]
[PlyCount "123"]
[EventDate "2007.09.14"]
[EventType "swiss"]
[EventRounds "9"]
[EventCountry "CRO"]
[Source "lmi"]
[SourceDate "2007.09.14"]

1. e4 e6 2. d4 d5 3. Nd2 c5 4. exd5 Qxd5 5. dxc5 Nf6 6. Ngf3 Bxc5 7. Bc4 Qc6 8.
a4 O-O 9. O-O b6 10. Qe2 a6 11. Nb3 Bd6 12. Bg5 Bb7 13. Nbd4 Qc7 14. Rad1 Ne4
15. Bc1 Nd7 16. c3 Ndc5 17. Qc2 Rac8 18. Ba2 Nf6 19. Bg5 Bd5 20. Bxd5 Nxd5 21.
Nf5 Be7 22. Rxd5 Bxg5 23. Nxg5 exf5 24. Qxf5 g6 25. Qh3 f6 26. Ne6 Nxe6 27.
Qxe6+ Qf7 28. Rd6 Qxe6 29. Rxe6 Rb8 30. Rd1 f5 31. Kf1 Rf7 32. Rdd6 Rfb7 33.
Ke2 Kf7 34. h4 Re7 35. Rxe7+ Kxe7 36. Rd4 Rc8 37. Kd3 Ke6 38. Rb4 Rc6 39. Rc4
Rd6+ 40. Rd4 Rc6 41. Rd8 Ke5 42. Rd7 h6 43. Ra7 a5 44. Re7+ Kf4 45. Rd7 Kg4 46.
b4 axb4 47. cxb4 Kxh4 48. Rd4+ Kg5 49. a5 bxa5 50. bxa5 f4 51. Ra4 Ra6 52. Kc4
Kg4 53. Kb5 Ra8 54. a6 h5 55. a7 h4 56. Kb6 g5 57. Kb7 Rxa7+ 58. Rxa7 h3 59.
gxh3+ Kxh3 60. Kc6 g4 61. Kd5 g3 62. f3 1-0

[Event "17. Europa ch Juvenil - Masculino s18"]
[Site "Sibenik CRO"]
[Date "2007.09.15"]
[Round "2.13"]
[White "Froewis, Georg"]
[Black "Ronchetti, Niccolo"]
[Result "0-1"]
[WhiteElo "2208"]
[BlackElo "2410"]
[PlyCount "192"]
[EventDate "2007.09.14"]
[EventType "swiss"]
[EventRounds "9"]
[EventCountry "CRO"]
[Source "lmi"]
[SourceDate "2007.09.14"]

1. e4 c5 2. Nf3 Nc6 3. Bb5 e6 4. O-O Nge7 5. c3 a6 6. Ba4 b5 7. Bc2 Bb7 8. Re1
d5 9. e5 d4 10. Be4 Ng6 11. cxd4 cxd4 12. d3 Be7 13. Nbd2 Qb6 14. Nb3 O-O 15.
Nbxd4 Bc5 16. Be3 Nxd4 17. Bxd4 Bxd4 18. Nxd4 Qxd4 19. Bxb7 Ra7 20. Be4 Qxb2
21. Qb3 Qxb3 22. axb3 Nxe5 23. Bxh7+ Kxh7 24. Rxe5 Rd8 25. Re3 Rad7 26. Rd1 Rd4
27. Kf1 Rb4 28. Rb1 a5 29. Ke2 a4 30. Re4 Rxe4+ 31. dxe4 a3 32. b4 Rd4 33. Ra1
Rxe4+ 34. Kf3 Rxb4 35. Rxa3 Ra4 36. Rb3 b4 37. Ke2 Kg6 38. Kd3 Ra2 39. Rxb4
Rxf2 40. Rg4+ Kf6 41. Ke3 Rf1 42. Ra4 e5 43. Ra6+ Kg5 44. Ra7 g6 45. Ke2 Rf4
46. g3 Rf6 47. Re7 Rf5 48. h3 Kf6 49. Re8 Rh5 50. h4 Rf5 51. Ra8 e4 52. Ra6+
Kg7 53. Ke3 Rf3+ 54. Kxe4 Rxg3 55. h5 Rg4+ 56. Kf3 gxh5 57. Ra8 Rg6 58. Ra5 h4
59. Rh5 Rh6 60. Rg5+ Kf6 61. Rg2 h3 62. Rh2 Kg5 63. Kf2 Kh4 64. Kg1 Rg6+ 65.
Kh1 Rf6 66. Kg1 Kg4 67. Ra2 Re6 68. Ra4+ Kg3 69. Ra3+ Kg4 70. Ra4+ Kf3 71. Kh2
f5 72. Ra3+ Re3 73. Ra4 Kf2 74. Ra2+ Kf1 75. Ra1+ Ke2 76. Ra4 Rf3 77. Rb4 Ke3
78. Ra4 f4 79. Rb4 Rg3 80. Rb3+ Kf2 81. Rb2+ Kf3 82. Rb3+ Kg4 83. Rb8 Rg2+ 84.
Kh1 Ra2 85. Rg8+ Kf3 86. Rb8 Re2 87. Ra8 Kg3 88. Rg8+ Kf3 89. Ra8 Kg3 90. Rg8+
Kf2 91. Kh2 f3 92. Ra8 Kf1+ 93. Kxh3 f2 94. Kh2 Re7 95. Ra1+ Ke2 96. Ra2+ Kf3
0-1

[Event "17. Europa ch Juvenil - Masculino s18"]
[Site "Sibenik CRO"]
[Date "2007.09.15"]
[Round "2.14"]
[White "Olszewski, Michal"]
[Black "Green, Andrew"]
[Result "1-0"]
[WhiteElo "2409"]
[BlackElo "1951"]
[PlyCount "55"]
[EventDate "2007.09.14"]
[EventType "swiss"]
[EventRounds "9"]
[EventCountry "CRO"]
[Source "lmi"]
[SourceDate "2007.09.14"]

1. e4 c5 2. Nf3 g6 3. d4 cxd4 4. Nxd4 Nc6 5. c4 Bg7 6. Nc2 Nf6 7. Nc3 d6 8. Be2
O-O 9. O-O Nd7 10. Bd2 a5 11. Bg4 f5 12. exf5 Nde5 13. Be2 Bxf5 14. Be3 a4 15.
f4 Nf7 16. Na3 Qa5 17. Rc1 Qb4 18. Rf2 Bxc3 19. Rxc3 Qxb2 20. Nb5 Qb1 21. Rc1
Qxa2 22. g4 Bd7 23. Rb1 Nfe5 24. fxe5 Rxf2 25. Bxf2 Nxe5 26. Ra1 Qb2 27. Bd4
Qb4 28. Rb1 1-0

[Event "17. Europa ch Juvenil - Masculino s18"]
[Site "Sibenik CRO"]
[Date "2007.09.15"]
[Round "2.15"]
[White "Rosberg, Simon"]
[Black "Matsenko, Sergei"]
[Result "0-1"]
[WhiteElo "2164"]
[BlackElo "2406"]
[PlyCount "80"]
[EventDate "2007.09.14"]
[EventType "swiss"]
[EventRounds "9"]
[EventCountry "CRO"]
[Source "lmi"]
[SourceDate "2007.09.14"]

1. Nf3 d5 2. d4 Nf6 3. c4 c6 4. Qb3 dxc4 5. Qxc4 b5 6. Qc2 Bb7 7. Bg5 e6 8.
Nbd2 Be7 9. e3 Nbd7 10. Be2 a6 11. Nb3 Bb4+ 12. Kf1 h6 13. Bh4 Be7 14. Rc1 O-O
15. Ne5 Nxe5 16. dxe5 Nd7 17. Bxe7 Qxe7 18. Nc5 Nxe5 19. Qc3 Nc4 20. Nxb7 Qxb7
21. Bxc4 bxc4 22. Ke2 Rab8 23. Rc2 Qb5 24. f3 Qa4 25. Rd1 Qxa2 26. Rdd2 Rfd8
27. Rxd8+ Rxd8 28. Qxc4 Qb1 29. Kf2 Rb8 30. Qxc6 Rxb2 31. Qa8+ Kh7 32. Rxb2
Qxb2+ 33. Kg3 Qe5+ 34. Kf2 a5 35. f4 Qb5 36. g4 a4 37. h4 Qb2+ 38. Kg3 a3 39.
h5 a2 40. Qe4+ g6 0-1

[Event "17. Europa ch Juvenil - Masculino s18"]
[Site "Sibenik CRO"]
[Date "2007.09.15"]
[Round "2.17"]
[White "Galazewski, Tomasz"]
[Black "Grigoryan, Avetik"]
[Result "0-1"]
[WhiteElo "2259"]
[BlackElo "2489"]
[PlyCount "84"]
[EventDate "2007.09.14"]
[EventType "swiss"]
[EventRounds "9"]
[EventCountry "CRO"]
[Source "lmi"]
[SourceDate "2007.09.14"]

1. e4 e6 2. d4 d5 3. Nc3 Bb4 4. Nge2 Nc6 5. a3 Ba5 6. exd5 exd5 7. Ng3 Nf6 8.
Be2 O-O 9. O-O Re8 10. Bf3 Be6 11. Na4 h6 12. Nc5 Bc8 13. b4 Bb6 14. Bb2 Ne7
15. Re1 c6 16. Nd3 Nf5 17. Ne5 Nxg3 18. hxg3 Bf5 19. c4 dxc4 20. Nxc4 Be4 21.
Bxe4 Nxe4 22. Qf3 Qd5 23. Nxb6 axb6 24. Re3 Nf6 25. Re5 Qxf3 26. gxf3 b5 27.
Rae1 Kf8 28. Kf1 Nd5 29. Rxe8+ Rxe8 30. Rxe8+ Kxe8 31. Ke2 Ke7 32. Kd3 Ke6 33.
Bc1 h5 34. Ke4 Nf6+ 35. Kd3 Ne8 36. Bf4 Kd5 37. Bc1 Nd6 38. f4 Nf5 39. Bb2 f6
40. Bc3 Nd6 41. Bb2 Ne4 42. Ke3 f5 0-1

[Event "17. Europa ch Juvenil - Masculino s18"]
[Site "Sibenik CRO"]
[Date "2007.09.15"]
[Round "2.19"]
[White "Thomassen, Joachim"]
[Black "Potapov, Pavel"]
[Result "0-1"]
[WhiteElo "2075"]
[BlackElo "2386"]
[PlyCount "100"]
[EventDate "2007.09.14"]
[EventType "swiss"]
[EventRounds "9"]
[EventCountry "CRO"]
[Source "lmi"]
[SourceDate "2007.09.14"]

1. d4 f5 2. g3 Nf6 3. Bg2 g6 4. Nf3 Bg7 5. c4 d6 6. O-O O-O 7. Nc3 Qe8 8. Nd5
Nxd5 9. cxd5 Nd7 10. Ng5 Nb6 11. a4 c6 12. dxc6 bxc6 13. d5 c5 14. Qc2 Rb8 15.
Bd2 Bd7 16. a5 Na8 17. Bc3 Nc7 18. Rfe1 h6 19. Nh3 Qf7 20. e4 fxe4 21. Qxe4
Rfe8 22. Nf4 Bf5 23. Qe3 Rb3 24. Ne6 Bxe6 25. dxe6 Qf8 26. Bc6 Reb8 27. Ba4
Bxc3 28. bxc3 Rb2 29. Bc6 Qf6 30. Ra4 Rf8 31. Rf4 Qg7 32. Qc1 Rbb8 33. Ree4 Kh7
34. Rxf8 Rxf8 35. Qe3 Rf5 36. f4 Qf8 37. g4 Rf6 38. Kg2 d5 39. g5 hxg5 40. fxg5
dxe4 41. gxf6 Qxf6 42. Bxe4 Nxe6 43. h4 Kg7 44. Bf3 g5 45. Bg4 Nf4+ 46. Kg1
gxh4 47. Qxc5 h3 48. Qxa7 h2+ 49. Kxh2 Qh4+ 50. Kg1 Qxg4+ 0-1

[Event "17. Europa ch Juvenil - Masculino s18"]
[Site "Sibenik CRO"]
[Date "2007.09.15"]
[Round "2.20"]
[White "Filip, Matej"]
[Black "Huerga Leache, Mikel"]
[Result "0-1"]
[WhiteElo "2050"]
[BlackElo "2370"]
[PlyCount "116"]
[EventDate "2007.09.14"]
[EventType "swiss"]
[EventRounds "9"]
[EventCountry "CRO"]
[Source "lmi"]
[SourceDate "2007.09.14"]

1. d4 Nf6 2. c4 c6 3. Nc3 d5 4. Nf3 a6 5. c5 Bg4 6. Ne5 Bf5 7. f3 g6 8. e4 Be6
9. Be3 Bg7 10. Be2 b6 11. cxb6 Qxb6 12. Qd2 O-O 13. Na4 Qa7 14. Nc5 Bc8 15. Rc1
Nfd7 16. Ncxd7 Bxd7 17. Nxd7 Qxd7 18. e5 Rc8 19. f4 Qb7 20. O-O e6 21. b4 Bf8
22. Rb1 a5 23. bxa5 Qa7 24. Rfc1 Qxa5 25. Qxa5 Rxa5 26. Rc2 Ra3 27. Kf2 Na6 28.
Bc1 Ra4 29. Bd2 Nb4 30. Bxb4 Rxb4 31. Rxb4 Bxb4 32. Bb5 Ra8 33. Bxc6 Ra3 34.
Bb5 Bc3 35. Ke3 Ba1+ 36. Bd3 Ra4 37. g3 Bxd4+ 38. Ke2 h5 39. Rc8+ Kg7 40. Rc2
Ra3 41. Rd2 Bg1 42. Kf3 Kh6 43. h3 g5 44. Ke2 Bd4 45. h4 g4 46. Rc2 Kg7 47. Rd2
Bg1 48. f5 Bd4 49. fxe6 fxe6 50. Bf5 Bc3 51. Bxe6 Bxd2 52. Kxd2 Rxg3 53. Bxd5
Ra3 54. e6 Ra5 55. Bc4 Re5 56. a4 g3 57. Bf1 Rxe6 58. a5 Ra6 0-1

[Event "17. Europa ch Juvenil - Masculino s18"]
[Site "Sibenik CRO"]
[Date "2007.09.15"]
[Round "2.21"]
[White "Szwed, Jacek"]
[Black "Baryshpolets, Andrey"]
[Result "1-0"]
[WhiteElo "2364"]
[BlackElo "2307"]
[PlyCount "41"]
[EventDate "2007.09.14"]
[EventType "swiss"]
[EventRounds "9"]
[EventCountry "CRO"]
[Source "lmi"]
[SourceDate "2007.09.14"]

1. e4 c5 2. Nf3 d6 3. d4 cxd4 4. Qxd4 a6 5. c4 Nc6 6. Qe3 Nf6 7. h3 g6 8. Nc3
Bg7 9. Be2 O-O 10. O-O Be6 11. Rb1 Rb8 12. b4 Nd7 13. Nd5 b5 14. cxb5 axb5 15.
Bb2 Bxb2 16. Rxb2 Nb6 17. Qh6 f6 18. Nf4 Bf7 19. Bxb5 Na7 20. Nd4 e5 21. Nh5
1-0

[Event "17. Europa ch Juvenil - Masculino s18"]
[Site "Sibenik CRO"]
[Date "2007.09.15"]
[Round "2.22"]
[White "Cartas, Octavian-Mihai"]
[Black "Martemianov, Iaroslav"]
[Result "1-0"]
[WhiteElo "2111"]
[BlackElo "2333"]
[PlyCount "69"]
[EventDate "2007.09.14"]
[EventType "swiss"]
[EventRounds "9"]
[EventCountry "CRO"]
[Source "lmi"]
[SourceDate "2007.09.14"]

1. e4 c5 2. c3 d5 3. exd5 Qxd5 4. d4 Nc6 5. Nf3 a6 6. Be2 cxd4 7. cxd4 e6 8.
Nc3 Qd6 9. a4 Nf6 10. O-O Be7 11. Bg5 O-O 12. Qd2 Rd8 13. Rad1 b6 14. Bc4 Bb7
15. Qe2 Qc7 16. Rfe1 h6 17. Bh4 Rd7 18. Bxf6 Bxf6 19. d5 exd5 20. Nxd5 Qd8 21.
Nxf6+ gxf6 22. Bxf7+ Rxf7 23. Rxd8+ Rxd8 24. Qc4 Ne5 25. Nxe5 fxe5 26. Qg4+ Kh7
27. Qe6 Rg7 28. g3 e4 29. Qf5+ Kg8 30. Qe6+ Kh7 31. Re2 Rd4 32. Qxb6 Rxa4 33.
Qe3 Rf7 34. Rd2 Ra5 35. Rd6 1-0

[Event "17. Europa ch Juvenil - Masculino s18"]
[Site "Sibenik CRO"]
[Date "2007.09.15"]
[Round "2.23"]
[White "Vocaturo, Daniele"]
[Black "Szekeres, Robert"]
[Result "0-1"]
[WhiteElo "2459"]
[BlackElo "2209"]
[PlyCount "160"]
[EventDate "2007.09.14"]
[EventType "swiss"]
[EventRounds "9"]
[EventCountry "CRO"]
[Source "lmi"]
[SourceDate "2007.09.14"]

1. d4 Nf6 2. Nf3 e6 3. Bf4 b6 4. e3 Bb7 5. Nbd2 Be7 6. c3 Nh5 7. Bg3 d6 8. Bd3
Nd7 9. Qe2 c5 10. O-O-O h6 11. dxc5 Nxg3 12. hxg3 bxc5 13. e4 Qc7 14. Ba6 Bc6
15. g4 Rf8 16. Nc4 Nb8 17. Na3 Nxa6 18. Qxa6 Qb7 19. Qxb7 Bxb7 20. Nb5 O-O-O
21. e5 dxe5 22. Nxa7+ Kb8 23. Nb5 Bc6 24. Na3 f6 25. Nc4 Bd5 26. Nb6 Kc7 27.
Nxd5+ Rxd5 28. Rde1 Ra8 29. a3 Ra4 30. Nh2 f5 31. gxf5 exf5 32. Kc2 e4 33. Re2
Bf6 34. Nf1 Ra6 35. Ne3 Re5 36. Rd1 Kc6 37. Red2 Be7 38. g3 g6 39. Nc4 Re6 40.
Rd5 Kb5 41. Kb3 h5 42. Rd7 Kc6 43. Kc2 h4 44. b4 hxg3 45. fxg3 e3 46. R7d3 f4
47. Rb1 Kb5 48. Kb3 e2 49. Re1 fxg3 50. Ne3 Bg5 51. c4+ Kb6 52. Rxe2 Kb7 53. b5
Ra8 54. Rd7+ Kc8 55. Rd3 Ra7 56. Rg2 Bxe3 57. Rxg3 Bd4 58. a4 Kc7 59. Rg2 Kb6
60. Rdg3 Rg7 61. a5+ Ka7 62. Ka4 Be3 63. Rh3 Re8 64. Rf3 g5 65. Rf6 g4 66. a6
Bd4 67. Rf4 g3 68. Rf3 Re3 69. Rf4 Rc3 70. Rxd4 cxd4 71. Ka5 Rg6 72. Re2 Re3
73. Rg2 Rg5 74. Kb4 d3 75. c5 Re2 76. Rg1 g2 77. b6+ Kxa6 78. Ra1+ Kb7 79. Ra7+
Kb8 80. c6 Rb2+ 0-1

[Event "17. Europa ch Juvenil - Masculino s18"]
[Site "Sibenik CRO"]
[Date "2007.09.15"]
[Round "2.24"]
[White "Roberson, Peter Thomas"]
[Black "Figura, Atila Gajo"]
[Result "0-1"]
[WhiteElo "2209"]
[BlackElo "2413"]
[PlyCount "82"]
[EventDate "2007.09.14"]
[EventType "swiss"]
[EventRounds "9"]
[EventCountry "CRO"]
[Source "lmi"]
[SourceDate "2007.09.14"]

1. e4 c5 2. c3 d5 3. exd5 Qxd5 4. Nf3 Nf6 5. d4 e6 6. Be3 cxd4 7. cxd4 Bb4+ 8.
Nc3 Bd7 9. Bd3 O-O 10. O-O Bxc3 11. bxc3 Bb5 12. Bxb5 Qxb5 13. Ne5 Nc6 14. c4
Qa6 15. Nxc6 Qxc6 16. Qb3 b6 17. Rfd1 Rac8 18. Rac1 Qb7 19. a4 Nd7 20. a5 Qa6
21. axb6 axb6 22. d5 e5 23. Qb5 Qxb5 24. cxb5 Rxc1 25. Rxc1 Ra8 26. h3 Kf8 27.
Rc6 Ra5 28. d6 f5 29. Bxb6 Rxb5 30. Rc8+ Kf7 31. Bc7 Rb1+ 32. Kh2 Rd1 33. Rd8
Nf6 34. Ra8 f4 35. Ra7 Ke6 36. Bb8 Ne4 37. Re7+ Kf6 38. Ba7 Rxd6 39. Re8 Nd2
40. Rf8+ Kg6 41. Kg1 Ra6 0-1

[Event "17. Europa ch Juvenil - Masculino s18"]
[Site "Sibenik CRO"]
[Date "2007.09.15"]
[Round "2.25"]
[White "Hansen, Alexei Cherstiouk"]
[Black "Krivoborodov, Egor"]
[Result "0-1"]
[WhiteElo "2189"]
[BlackElo "2403"]
[PlyCount "72"]
[EventDate "2007.09.14"]
[EventType "swiss"]
[EventRounds "9"]
[EventCountry "CRO"]
[Source "lmi"]
[SourceDate "2007.09.14"]

1. c4 Nf6 2. Nf3 c6 3. g3 d5 4. Bg2 Bg4 5. Ne5 Be6 6. cxd5 Bxd5 7. Nf3 c5 8.
O-O e6 9. Nc3 Bc6 10. Qb3 Nbd7 11. Rd1 Be7 12. d3 O-O 13. h3 Nd5 14. Nxd5 Bxd5
15. Qa4 Bf6 16. Qg4 Qb6 17. h4 Rad8 18. Ng5 Bxg2 19. Kxg2 Bxb2 20. Bxb2 Qxb2
21. Rab1 Qxa2 22. Rxb7 h6 23. Nh3 Nf6 24. Qf3 c4 25. Rc1 cxd3 26. exd3 Qa3 27.
Rd1 Rd7 28. Rxd7 Nxd7 29. Nf4 Nf6 30. g4 Qa5 31. Qg3 Rd8 32. Rb1 e5 33. Nh3
Qd5+ 34. f3 Qxd3 35. Rb7 e4 36. Rxa7 Qc2+ 0-1

[Event "17. Europa ch Juvenil - Masculino s18"]
[Site "Sibenik CRO"]
[Date "2007.09.15"]
[Round "2.26"]
[White "Bitalzadeh, Ali"]
[Black "Plenca, Julijan"]
[Result "1/2-1/2"]
[WhiteElo "2389"]
[BlackElo "2204"]
[PlyCount "141"]
[EventDate "2007.09.14"]
[EventType "swiss"]
[EventRounds "9"]
[EventCountry "CRO"]
[Source "lmi"]
[SourceDate "2007.09.14"]

1. e4 e6 2. d4 d5 3. Nd2 c5 4. exd5 exd5 5. Ngf3 Nf6 6. Bb5+ Bd7 7. Bxd7+ Nbxd7
8. O-O Be7 9. dxc5 Nxc5 10. Nb3 Nce4 11. Qd3 O-O 12. Be3 Qd7 13. Bd4 Rfe8 14.
c3 a5 15. a4 Bd8 16. Rfd1 Rc8 17. Kf1 Qc6 18. Bxf6 Bxf6 19. Qb5 Qe6 20. Rxd5
Bxc3 21. bxc3 Nxc3 22. Re5 Nxb5 23. Rxe6 Rxe6 24. axb5 b6 25. Nbd4 Re4 26. Nc6
Kf8 27. Rd1 f6 28. Rd7 Ra8 29. Nfd4 a4 30. f3 Ree8 31. Nc2 a3 32. Rd1 a2 33.
Ra1 Ra4 34. N2b4 Re3 35. Rxa2 Rxa2 36. Nxa2 Rb3 37. Nab4 Rb2 38. h4 Ke8 39. Nd5
Kf7 40. Nc7 g6 41. g3 h5 42. f4 g5 43. Nd4 gxh4 44. gxh4 Rb4 45. Nce6 Rb2 46.
f5 Ke7 47. Nf4 Kd6 48. Nxh5 Ke5 49. Ne2 Kxf5 50. Nhg3+ Kg4 51. h5 Rxb5 52. h6
Ra5 53. Ne4 Kf5 54. Nd6+ Kg6 55. Nc4 Ra1+ 56. Kf2 b5 57. Ne3 Kxh6 58. Nd5 Kg5
59. Nec3 Ra5 60. Ke3 f5 61. Kd4 f4 62. Nxf4 Kxf4 63. Kc5 Ke5 64. Nxb5 Ra1 65.
Nc3 Rh1 66. Kc4 Rh3 67. Nb5 Rh4+ 68. Kc5 Rg4 69. Na7 Ke6 70. Nb5 Rg5+ 71. Kc4
1/2-1/2

[Event "17. Europa ch Juvenil - Masculino s18"]
[Site "Sibenik CRO"]
[Date "2007.09.15"]
[Round "2.27"]
[White "Rombaldoni, Denis"]
[Black "Teixeira, Rafael Goltsman"]
[Result "1-0"]
[WhiteElo "2383"]
[BlackElo "2188"]
[PlyCount "55"]
[EventDate "2007.09.14"]
[EventType "swiss"]
[EventRounds "9"]
[EventCountry "CRO"]
[Source "lmi"]
[SourceDate "2007.09.14"]

1. d4 Nf6 2. c4 g6 3. Nc3 Bg7 4. e4 d6 5. Bd3 O-O 6. Nge2 e5 7. d5 c6 8. O-O a6
9. a3 cxd5 10. cxd5 Nbd7 11. Bg5 h6 12. Bd2 b5 13. b4 Nb6 14. Nc1 Bd7 15. Nb3
Qb8 16. Na5 Rc8 17. Qe2 Ra7 18. Rfc1 Rac7 19. a4 Nxa4 20. Nxa4 Rxc1+ 21. Bxc1
bxa4 22. Bxa6 Rc3 23. b5 Qb6 24. Nc6 Bxc6 25. dxc6 d5 26. Be3 d4 27. Bd2 Rb3
28. Qe1 1-0